Woman in a wig : Joan Rosanove, QC /

Saved in:
Bibliographic Details
Main Author: Carter, Isabel, 1916-
Format: Book
Language:English
Published: [Melbourne] : Lansdowne, [1970].
Subjects:
LEADER 01203cam a2200349 a 4500
001 c000268432
003 CARM
005 20070823150751.0
008 711117s1970 at c b 000 0 eng
010 |a 70029855 
015 |a ANL 
019 1 |a 42787  |z 23896150  |z 9239744  |z 53999198  |5 LACONCORD2021 
020 |a 0701804505 
035 |a (OCoLC)206708  |5 LACONCORD2021 
040 |a LC  |b eng  |c LC  |d LC 
042 |a anuc 
043 |a u-at--- 
050 0 |a LAW 
082 0 4 |a 920 
084 |a KB15.R6 C37 1970 
100 1 |a Carter, Isabel,  |d 1916- 
245 1 0 |a Woman in a wig :  |b Joan Rosanove, QC /  |c [by] Isabel Carter. 
260 |a [Melbourne] :  |b Lansdowne,  |c [1970]. 
300 |a 167 p. :  |b ports. ;  |c 23 cm. 
500 |a Label mounted on t.p.: Distributed by Lawrence Verry, Inc., Mystic, Conn. 
504 |a Bibliography: p. 167. 
600 1 0 |a Rosanove, Joan Mavis. 
600 1 4 |a Rosanove, Joan Mavis. 
650 0 |a Women lawyers  |z Australia  |x Biography. 
852 8 |b CARM  |h A1:AN12B0  |i B08636  |p 0385507  |f BK 
999 f f |i e4f891fe-8711-54d6-9d12-b1f3619c98da  |s 9b6b6690-cd36-58e5-b953-bdbe533663bc 
952 f f |p Can circulate  |a CAVAL  |b CAVAL  |c CAVAL  |d CARM 1 Store  |e B08636  |f A1:AN12B0  |h Other scheme  |i book  |m 0385507